000 00592nam a2200217Ia 4500
005 20250508152422.0
008 008 250505s9999 xx 000 0 eng d
037 _aTextual
040 _aFEDL
_beng
_cFEDL
041 _aeng
_2eng
084 _a301.4073, QUI
_qFEDL
100 _aQuinn James A.
_9348321
245 0 _aLiving in the social world
250 _a3rd
260 _aChicago
_bJ.B. Lippincott Company
_c1956
300 _aviii,536p.
650 _aSociology
700 _a Repke Arthur
_9761436
942 _cTEXL
_h301.4073, QUI
999 _c1336299
_d1336299